00411nam a2200121Ia 4500008004100000245014800041260001700189260000900206300000900215650002300224650001200247856003000259170516s9999 xx 000 0 und d aNoninvasive Characterization of the Effect of Varying PLGA Molecular Weight Blends on In Situ Forming Implant Behavior Using Ultrasound Imaging bTheranostics c2012 a2:11 xMedical Technology xMedtech uhttp://www.thno.org/v2i11